| 000 | 00496 a2200169 4500 | ||
|---|---|---|---|
| 003 | Nust | ||
| 005 | 20170207164906.0 | ||
| 040 | _cNust | ||
| 082 | _a005.1 | ||
| 100 | _aNC, Sarwar Tabinda (MSCS-17) | ||
| 245 |
_aSuper-Resolution of single image using wavelets and interpolation based hybrid technique _cNC Tabinda Sarwar |
||
| 260 |
_aRawalpindi _bNUST,MCS _cMarch-2014 |
||
| 300 | _avi,72 p | ||
| 538 | _aAlmirah No,72 Shelf No,6 | ||
| 650 | _ainterpolation based hybrid technique | ||
| 651 | _aMSCS-17 | ||
| 942 | _cTHS | ||
| 999 |
_c210250 _d210250 |
||